000 00587nam a2200241Ia 4500
003 OSt
005 20220924150748.0
006 a|||||r|||| 00| 0
007 ta
008 220923b |||||||| |||| 00| 0 kan d
020 _c500.00
024 _a334480
037 _cTextual
040 _aARTS
_cARTS
_bkan
041 _2kan
_akan
082 _a033:gx, P2
100 _aMoras Paul Au.
_9222847
245 0 _aKonkani challvoll
260 _c2002
650 _aKANNAD LITERATURE
942 _h033:gx, P2
_cTEXL
_2CC
999 _c464395
_d464395